000 00537cam a22001694a 4500
020 _a9780415894791 (hardback : alk. paper)
020 _a0415894794 (hardback : alk. paper)
020 _a9780415894807 (pbk. : alk. paper)
020 _a0415894808 (pbk. : alk. paper)
040 _cDLC
082 0 0 _a720 IRR 1978 C166 Or.
100 1 _aSarkisian, Mark P
245 1 0 _aDesigning tall buildings :
_bstructure as architecture /
300 _axii, 208 pages :
_billustrations, maps ;
_c24 cm
650 0 _aTall buildings
942 _cAEDBB
999 _c19357
_d19357